MARC details
| 000 -LEADER |
| fixed length control field |
01157nas a2200361 a 4500 |
| 001 - CONTROL NUMBER |
| control field |
vtls001214778 |
| 003 - CONTROL NUMBER IDENTIFIER |
| control field |
NLI |
| 005 - DATE AND TIME OF LATEST TRANSACTION |
| control field |
20210603170203.0 |
| 008 - FIXED-LENGTH DATA ELEMENTS--GENERAL INFORMATION |
| fixed length control field |
120525m1949uuuuii ar f000 02eng |
| 020 ## - INTERNATIONAL STANDARD BOOK NUMBER |
| Terms of availability |
Rs. 5.00 |
| 039 #9 - LEVEL OF BIBLIOGRAPHIC CONTROL AND CODING DETAIL [OBSOLETE] |
| Level of rules in bibliographic description |
201205252203 |
| Level of effort used to assign nonsubject heading access points |
VLOAD |
| -- |
201203282036 |
| -- |
VLOAD |
| 040 0# - CATALOGING SOURCE |
| Original cataloging agency |
NLI |
| Language of cataloging |
eng |
| Transcribing agency |
Datasoft_IOD |
| Description conventions |
AACR2 |
| 041 0# - LANGUAGE CODE |
| Language code of text/sound track or separate title |
eng |
| 044 ## - COUNTRY OF PUBLISHING/PRODUCING ENTITY CODE |
| MARC country code |
ii |
| 082 04 - DEWEY DECIMAL CLASSIFICATION NUMBER |
| Classification number |
351.3 |
| 110 1# - MAIN ENTRY--CORPORATE NAME |
| Corporate name or jurisdiction name as entry element |
India. |
| Subordinate unit |
Union Public Service Commission |
| 9 (RLIN) |
360759 |
| 245 10 - TITLE STATEMENT |
| Title |
Pamphlet for the Indian police service probationens final examintion / |
| Statement of responsibility, etc. |
Union Public Service Commission, Government of India |
| 260 ## - PUBLICATION, DISTRIBUTION, ETC. |
| Place of publication, distribution, etc. |
Delhi : |
| Name of publisher, distributor, etc. |
The Commission, |
| Date of publication, distribution, etc. |
1949- |
| 300 ## - PHYSICAL DESCRIPTION |
| Extent |
- v. ; |
| Dimensions |
26 cm. |
| 310 ## - CURRENT PUBLICATION FREQUENCY |
| Current publication frequency |
Annual |
| 362 ## - DATES OF PUBLICATION AND/OR SEQUENTIAL DESIGNATION |
| Dates of publication and/or sequential designation |
1949- |
| 500 ## - GENERAL NOTE |
| General note |
Library has : |
| 650 #0 - SUBJECT ADDED ENTRY--TOPICAL TERM |
| Topical term or geographic name entry element |
Educational tests and measurements |
| Geographic subdivision |
India |
| 9 (RLIN) |
130180 |
| 650 #0 - SUBJECT ADDED ENTRY--TOPICAL TERM |
| Topical term or geographic name entry element |
Examinations |
| Geographic subdivision |
India |
| 9 (RLIN) |
334709 |
| 650 #0 - SUBJECT ADDED ENTRY--TOPICAL TERM |
| Topical term or geographic name entry element |
Public Service Commissions |
| Geographic subdivision |
India |
| 887 ## - NON-MARC INFORMATION FIELD |
| Content of non-MARC field |
|
| 901 ## - LOCAL DATA ELEMENT A, LDA (RLIN) |
| a |
12823 date |
| b |
16.1.1959 |
| 9 |
1950 pt.1 |
| 901 ## - LOCAL DATA ELEMENT A, LDA (RLIN) |
| a |
12820 date |
| b |
16.1.1959 |
| 9 |
1950, |
| -- |
c.2 |
| 901 ## - LOCAL DATA ELEMENT A, LDA (RLIN) |
| a |
12822 date |
| b |
16.1.1959 |
| 9 |
1949 |
| 901 ## - LOCAL DATA ELEMENT A, LDA (RLIN) |
| a |
860 date |
| b |
24.6.1952 |
| 9 |
1950 |
| 902 ## - LOCAL DATA ELEMENT B, LDB (RLIN) |
| a |
GP 351.3[1](54) In2pps |
| 942 ## - ADDED ENTRY ELEMENTS (KOHA) |
| Source of classification or shelving scheme |
Dewey Decimal Classification |
| Koha item type |
Books |